[Event "GRE-chT Online ED & SA 2nd"]
[Site "Tornelo INT"]
[Date "2022.05.14"]
[Round "3"]
[White "Karagiannis, Alexandros Anastasi"]
[Black "Peponis, Marios"]
[Result "1-0"]
[WhiteElo "1335"]
[BlackElo "1141"]
[PlyCount "93"]
[EventDate "2022.05.14"]
[EventType "team-swiss (rapid)"]
[EventRounds "7"]
[EventCountry "GRE"]
[SourceTitle "EXT 2024"]
[Source "ChessBase"]
[SourceDate "2023.10.10"]
[SourceVersion "1"]
[SourceVersionDate "2023.10.10"]
[SourceQuality "1"]

1. d4 Nf6 2. Bg5 d5 3. Bxf6 gxf6 4. Nf3 c5 5. c3 Nc6 6. e3 Bg4 7. Be2 Bxf3 8. Bxf3 e5 9. dxc5 e4 10. Be2 Bxc5 11. Nd2 Qc7 12. Nb3 Bd6 13. Nd4 0-0-0 14. Bg4+ Kb8 15. g3 Ne7 16. Qa4 a6 17. 0-0 h5 18. Be2 h4 19. Kg2 Rdg8 20. Rh1 hxg3 21. hxg3 Bxg3 22. Rxh8 Rxh8 23. fxg3 Qc8 24. Rh1 Rg8 25. Rh4 Qc7 26. Rg4 Rh8 27. c4 f5 28. Rg5 Qc8 29. Qb4 f4 30. Qd6+ Ka8 31. Qxf4 Qh3+ 32. Kf2 Qh2+ 33. Ke1 Qg2 34. Kd2 dxc4 35. Qxf7 Nc6 36. Rg8+ Rxg8 37. Qxg8+ Ka7 38. Nxc6+ bxc6 39. Qxc4 Qxg3 40. Qxe4 Qd6+ 41. Qd4+ Qxd4+ 42. exd4 Kb6 43. Kc3 a5 44. Kc4 Kc7 45. Kc5 Kb7 46. Bf3 Ka6 47. Bxc6 1-0